Регионална библиотека "Любен Каравелов" - Русе

Изкуството да бъдеш егоист (Запис номер 2696)

MARC детайли
000 -Лидер
Контролно поле с фиксирана дължина 02321nam a2200469 a 4500
003 - Код на организацията, давaща контролен номер
Контролно поле BLK
005 - Дата и час на последна редакция
Контролно поле 20230808161244.0
008 - Елементи от данни с фиксирана дължина
fixed length control field 180412b bul|||||r ||||||| ||bul||
010 ## - Наследен системен номер
LC control number KNG00003710000
020 ## - Международен стандартен номер на книга ISBN
Международен стандартен номер на книга ISBN 954-474-028-7
040 ## - Източник на каталожния запис
Идентификатор на билиотеката - собственик на записа BLK
041 ## - Код за език
Код за езика на текст/звукозапис или на отделно заглавие Български
Код за езика КДБФ Български
072 #7 - Код за тематичната категория
Код организация bullib
Код за тематична категория Л03
Текст Себепознание. Мисловни техники. Психология. Парапсихология
080 ## - УДК
Текстов определител УДК Индивидуална психология. Психология на личността. Индивидуалност. Психология на характера. Характерология. Психологическа типология
УДК код - определител по УДК 159.923
УДК - код + определител 159.923
080 ## - УДК
Текстов определител УДК Социално поведение. Социална психология
УДК код - определител по УДК 316.6
УДК - код + определител 316.6
080 ## - УДК
Текстов определител УДК Човеконенавист. Егоизъм. Неблагодарност
УДК код - определител по УДК 177.8
УДК - код + определител 177.8
100 1# - Редна дума - Автор
Автор Киршнер, Йозеф
Авторска отговорност първи автор
R(LIN) 246188
139 ## - Редно поле
Редна дума Киршнер, Йозеф
Авторски знак Киро - К 59
245 10 - Сведения за заглавието
Заглавие Изкуството да бъдеш егоист
Подзаглавни данни Приключението да живеем щастливо - дори когато това не се харесва на другите
Редно поле (дума) Йозеф Киршнер; прев. Десислава Михайлова Лазарова.
257 ## - Страна на издаване
Страна на създаване/издаване Австрия
260 ## - Област на издателските данни
Място на издаване, разпространение и проч. София
Име на издателя, разпространителя и проч. Кибеа
Година на издаване 1994
300 ## - Физическа характеристика
Страници 277 с.
Размери/Мащаб 20 см
380 ## - Жанр
Жанр Философия
490 ## - СЕРИИ (Колекции)
Име на серия Серия Познай себе си
500 ## - Общи забележки
Забележка Ориг. загл. Die Kunst ein Egoist zu sein / Josef Kirschner. - 8 000 тир.
650 #4 - Допълнително описание по предмет – тема
Основно описание – тема или топоним Личност - психология
9 (RLIN) 243160
650 #4 - Допълнително описание по предмет – тема
Основно описание – тема или топоним Взаимоотношения - психология и етика
9 (RLIN) 243188
650 #4 - Допълнително описание по предмет – тема
Основно описание – тема или топоним Личност и общество
9 (RLIN) 243183
650 #4 - Допълнително описание по предмет – тема
Основно описание – тема или топоним Поведение
9 (RLIN) 166567
653 ## - Ключова дума – ненормативна
Ключова дума егоизъм
653 ## - Ключова дума – ненормативна
Ключова дума психология на личността
653 ## - Ключова дума – ненормативна
Ключова дума поведение
659 ## - Тематичен бюлетин
Тематичен бюлетин Л
700 1# - Други автори (авторска отговорност)
Лично име Лазарова, Десислава Михайлова
Автороска отговорност (Описва отношението между автора и произведението) прев.
9 (RLIN) 246189
852 ## - Местоположение
Форматна сигнатура Цб 176857
Фондова буква Хранилище
856 4# - Електронен адрес и достъп
Електронен формат pdf - файл
Път до файла /url/
856 4# - Електронен адрес и достъп
Електронен формат pdf - файл
Път до файла /url/
942 ## - АРТИКУЛИ
Вид на библиотечния материал Книги
Скрит в OPAC Не
Koha issues (borrowed), all copies 12
944 ## - СЪЗДАВАНЕ И РЕДАКЦИЯ на ЗАПИСА
Създаване/Редакция Създаване
Дата на регистрацията/редакция 15.01.2003
Статус, дата на статуса Радостина Карадакова
Служител, извършил регистрацията/редакцията 30534
944 ## - СЪЗДАВАНЕ И РЕДАКЦИЯ на ЗАПИСА
Създаване/Редакция Редакция
Дата на регистрацията/редакция 17.04.2013
Статус, дата на статуса ф /
999 ## - СИСТЕМНИ КОНТРОЛНИ НОМЕРА
Koha biblionumber 2696
Koha biblioitemnumber 2696
999 ## - СИСТЕМНИ КОНТРОЛНИ НОМЕРА
Koha biblioitemnumber 2696
Наличности
Код за отписване Код за изгубен артикул Код за повреда Коз за рестрикции Код за отдаване Артикулен № Име на библиотеката - собственик Име на библиотеката, в която се намира в момента Статус (Текущо местоположение) Дата на вписване в системата Местоположение - отдел Цена в лева Инвентарен номер Систематично азбучна сигнатура Баркод Номер на екземпляра Цена в евро Служебна бележка Служебен тип на артикула Източник на класификационната схема
Изтеглен Не е изгубен Не е повреден без рестрикции заемане за дома 4949 Регионална библиотека "Любен Каравелов" Русе Регионална библиотека "Любен Каравелов" Русе Заемна - подръчен фонд 2012-10-19 Заемна - подръчен фонд 8.00 120000760544 П 159.92/К 59 120000760544 1 4.09 Дост: DA Вид: А N: 19 Дата: 19.10.2012 Дата инв: 01.02.2018 Бележки инв: П2018 Книги  
  Не е изгубен Не е повреден без рестрикции ползва се в читалня 4950 Регионална библиотека "Любен Каравелов" Русе Регионална библиотека "Любен Каравелов" Русе Хранилище 1994-01-01 Хранилище 1.60 605272 Цб 176857 120000605272 2 0.82 Дост: Dp Вид: Д N: стар фонд Дата: 01.01.1994 Книги Universal Decimal Classification
Изтеглен Не е изгубен Не е повреден без рестрикции заемане за дома 4951 Регионална библиотека "Любен Каравелов" Русе Регионална библиотека "Любен Каравелов" Русе Заемна - подръчен фонд 2013-04-05 Заемна - подръчен фонд 14.00 120000765609 П 159.92/К 59 120000765609 3 7.16 Дост: DA Вид: А N: 4 Дата: 05.04.2013 Книги Universal Decimal Classification
  Не е изгубен Не е повреден   заемане за дома 950082 Регионална библиотека "Любен Каравелов" Русе Регионална библиотека "Любен Каравелов" Русе Заемна - подръчен фонд 2024-09-30 Заемна - подръчен фонд 4.00 120000913439 159.923/К 59 Й 120000913439   2.05   Книги Universal Decimal Classification
Vip Innovations Ltd, Rousse, Bulgaria 2025